Deftones - White Pony Songs - Statistics

General Stats
  • This quiz has been taken 33 times
  • The average score is 9 of 11
Answer Stats
Length Song % Correct
4:59 Change (In the House of Flies)
96%
4:49 Knife Prty
88%
6:07 Passenger
88%
7:32 Pink Maggit
88%
4:15 Digital Bath
80%
4:01 Elite
80%
3:09 Feiticeira
80%
3:23 Korea
80%
2:41 Street Carp
72%
3:20 Teenager
72%
4:27 Rx Queen
64%
No matching quizzes found
Score Distribution
Percent of People with Each Score
Percentile by Number Answered
Your Score History
You have not taken this quiz